[Event "FRA-chT4 0506"]
[Site "Bretagne"]
[Date "2006.02.05"]
[Round "5"]
[White "Leroy, Christian"]
[Black "Le Clanche, Marcel"]
[Result "0-1"]
[WhiteElo "1390"]
[BlackElo "1770"]
[PlyCount "46"]
[EventDate "2005.10.16"]
[EventType "team-tourn"]
[EventRounds "7"]
[EventCountry "FRA"]
[SourceTitle "EXT 2007"]
[Source "ChessBase"]
[SourceDate "2006.11.23"]
[SourceVersion "1"]
[SourceVersionDate "2006.11.23"]
[SourceQuality "1"]

1. d4 c5 2. Nf3 cxd4 3. Nxd4 Nf6 4. Nf3 Nc6 5. e3 e5 6. b3 Bb4+ 7. c3 Be7 8. Be2 0-0 9. 0-0 d5 10. Bb2 e4 11. Nd4 Ne5 12. Nd2 a6 13. c4 Qd6 14. cxd5 Neg4 15. g3 Qxd5 16. Bc4 Qh5 17. h4 Qg6 18. Ne2 Nh5 19. Kg2 Bxh4 20. Nf4 Nxf4+ 21. exf4 Bxg3 22. Be2 Bxf4 23. f3 Ne3+ 0-1

[Event "FRA-chT4 0506"]
[Site "Bretagne"]
[Date "2006.01.15"]
[Round "4"]
[White "Martin, Yvon"]
[Black "Le Clanche, Marcel"]
[Result "0-1"]
[WhiteElo "1670"]
[BlackElo "1770"]
[PlyCount "76"]
[EventDate "2005.10.16"]
[EventType "team-tourn"]
[EventRounds "7"]
[EventCountry "FRA"]
[SourceTitle "EXT 2007"]
[Source "ChessBase"]
[SourceDate "2006.11.23"]
[SourceVersion "1"]
[SourceVersionDate "2006.11.23"]
[SourceQuality "1"]

1. f4 d5 2. Nf3 c5 3. e3 Nf6 4. Be2 Bf5 5. b3 e6 6. Bb2 Be7 7. 0-0 h6 8. Ne5 0-0 9. Bf3 Nbd7 10. g4 Bh7 11. d3 Nxe5 12. Bxe5 Nd7 13. Bb2 Rc8 14. Nd2 b5 15. a4 b4 16. Be2 a5 17. Rc1 Nb6 18. c4 Bf6 19. Bxf6 Qxf6 20. Nf3 dxc4 21. dxc4 Rcd8 22. Qe1 Be4 23. Qg3 Qb2 24. Qe1 Bxf3 25. Rxf3 Rd2 26. Rf2 Rfd8 27. Rb1 Qc3 28. Bf3 Rxf2 29. Qxc3 bxc3 30. Kxf2 Rd2+ 31. Kg3 f5 32. gxf5 exf5 33. Rc1 c2 34. h4 Kf8 35. h5 Nd7 36. Bg2 Nf6 37. Kf3 Ne4 38. Bh3 Rf2# 0-1

[Event "FRA-chT4 0405"]
[Site "Bretagne"]
[Date "2005.03.13"]
[Round "6"]
[White "Le Clanche, Marcel"]
[Black "Prioul, Jean"]
[Result "0-1"]
[WhiteElo "1820"]
[BlackElo "1880"]
[PlyCount "90"]
[EventDate "2004.04.03"]
[EventType "team-tourn"]
[EventRounds "7"]
[EventCountry "FRA"]
[SourceTitle "EXT 2007"]
[Source "ChessBase"]
[SourceDate "2006.11.23"]
[SourceVersion "1"]
[SourceVersionDate "2006.11.23"]
[SourceQuality "1"]

1. d4 Nf6 2. Nf3 d6 3. c4 g6 4. Nc3 Bg7 5. e4 0-0 6. Be2 e5 7. dxe5 dxe5 8. 0-0 Nbd7 9. Bg5 h6 10. Bh4 Re8 11. Qc2 c6 12. Rad1 Qe7 13. Rd2 g5 14. Bg3 Nh5 15. Rfd1 Nf4 16. Bf1 Nf8 17. h3 N8g6 18. Ne2 h5 19. Rd6 g4 20. hxg4 Bxg4 21. Bxf4 exf4 22. Qd3 Qxe4 23. Qxe4 Rxe4 24. Rd8+ Re8 25. Rxa8 Rxa8 26. Ng5 Re8 27. Rd2 Bh6 28. Nf3 Bxf3 29. gxf3 Ne5 30. Rd6 Bg5 31. Nd4 Kh7 32. Nf5 Nxf3+ 33. Kg2 Ne5 34. Be2 f3+ 35. Bxf3 Nxf3 36. Kxf3 Re6 37. Rd7 Kg6 38. Nd6 b6 39. Ne4 Bc1 40. b3 a5 41. Rd6 Ba3 42. Rxe6+ fxe6 43. Kf4 h4 44. Ke5 h3 45. Kf4 h2 0-1

[Event "FRA-chT4 0405"]
[Site "Bretagne"]
[Date "2005.02.06"]
[Round "5"]
[White "Le Clanche, Marcel"]
[Black "Le Bail, Arielle"]
[Result "1-0"]
[WhiteElo "1820"]
[BlackElo "1650"]
[PlyCount "63"]
[EventDate "2004.04.03"]
[EventType "team-tourn"]
[EventRounds "7"]
[EventCountry "FRA"]
[SourceTitle "EXT 2007"]
[Source "ChessBase"]
[SourceDate "2006.11.23"]
[SourceVersion "1"]
[SourceVersionDate "2006.11.23"]
[SourceQuality "1"]

1. d4 e6 2. c4 f5 3. Nf3 d5 4. Nc3 c6 5. Bg5 Nf6 6. e3 Bd6 7. Bd3 0-0 8. 0-0 Nbd7 9. cxd5 cxd5 10. Rc1 Qe8 11. Nb5 Ne4 12. Bxe4 fxe4 13. Nxd6 Qg6 14. Bf4 exf3 15. Qxf3 b6 16. Rc7 Nf6 17. Qg3 Qxg3 18. Bxg3 Ba6 19. Rfc1 Ne8 20. Re7 Nxd6 21. Bxd6 Rac8 22. Rcc7 Rxc7 23. Rxc7 Rd8 24. Be5 g6 25. Rxa7 Bd3 26. Rg7+ Kf8 27. Rxh7 Ke8 28. Bc7 Rc8 29. Rh8+ Kd7 30. Rxc8 Kxc8 31. Bxb6 Kb7 32. Bc5 1-0

[Event "Morbihan-ch 0405"]
[Site "Arradon"]
[Date "2004.10.10"]
[Round "1"]
[White "Desurmont, Sylvain"]
[Black "Le Clanche, Marcel"]
[Result "1/2-1/2"]
[WhiteElo "1960"]
[BlackElo "1760"]
[PlyCount "149"]
[EventDate "2004.10.10"]
[EventType "swiss"]
[EventRounds "7"]
[EventCountry "FRA"]
[SourceTitle "EXT 2007"]
[Source "ChessBase"]
[SourceDate "2006.11.23"]
[SourceVersion "1"]
[SourceVersionDate "2006.11.23"]
[SourceQuality "1"]

1. d4 c5 2. e3 cxd4 3. exd4 Nf6 4. f4 e6 5. Nf3 Be7 6. Bd3 b6 7. Qe2 a5 8. 0-0 Ba6 9. Bxa6 Nxa6 10. Nbd2 0-0 11. Ne5 Nb4 12. Ndf3 d6 13. a3 dxe5 14. fxe5 Nxc2 15. Qxc2 Rc8 16. Qd3 Nd5 17. Bd2 f5 18. exf6 Bxf6 19. Rae1 Qd6 20. Qe4 Rce8 21. Bg5 h6 22. Bxf6 Rxf6 23. Rf2 Ref8 24. Rfe2 Nf4 25. Rc2 Nh3+ 26. gxh3 Rxf3 27. Qxe6+ Qxe6 28. Rxe6 Rf1+ 29. Kg2 Rd1 30. Rxb6 Rxd4 31. Rf2 Re8 32. Rb5 a4 33. Rb7 Re6 34. Rb8+ Kh7 35. Rbf8 Rb6 36. Rc2 Re4 37. Rf3 Rd4 38. Kf2 Re4 39. Rfc3 Rf6+ 40. Kg3 Rb6 41. Kf3 Rh4 42. Ke2 Rd4 43. Ke3 Rh4 44. Kd2 Re4 45. Kd1 Rd4+ 46. Kc1 Re6 47. b4 axb3 48. Rxb3 Ra6 49. Kb2 h5 50. Rg2 g6 51. Kc3 Rh4 52. Kb2 Rha4 53. Rgg3 Kh6 54. Rb4 R4a5 55. h4 g5 56. hxg5+ Rxg5 57. Rxg5 Kxg5 58. h4+ Kg6 59. a4 Kf5 60. Kc3 Ke5 61. Kd3 Kd6 62. Ke3 Ra5 63. Kf4 Kc6 64. Re4 Kd6 65. Rc4 Ke6 66. Rb4 Rf5+ 67. Ke4 Re5+ 68. Kd4 Rd5+ 69. Kc4 Rf5 70. Kd3 Kd6 71. Re4 Ra5 72. Kc3 Kc6 73. Kb4 Rf5 74. a5 Kb7 75. Rd4 1/2-1/2

[Event "FRA-chT4 0304"]
[Site "Bretagne"]
[Date "2003.11.16"]
[Round "2"]
[White "Crahan, Alan"]
[Black "Le Clanche, Marcel"]
[Result "0-1"]
[WhiteElo "1720"]
[BlackElo "1840"]
[PlyCount "64"]
[EventDate "2003.10.12"]
[EventType "team-tourn"]
[EventRounds "9"]
[EventCountry "FRA"]
[SourceTitle "EXT 2005"]
[Source "ChessBase"]
[SourceDate "2004.11.15"]
[SourceVersion "1"]
[SourceVersionDate "2004.11.15"]
[SourceQuality "1"]

1. Nf3 Nf6 2. c4 c6 3. Nc3 d5 4. d4 e6 5. Bg5 Be7 6. Qc2 0-0 7. e4 Nxe4 8. Nxe4 dxe4 9. Bxe7 Qxe7 10. Ne5 Qb4+ 11. Qc3 Na6 12. a3 Qxc3+ 13. bxc3 Nc7 14. Rb1 f6 15. Ng4 e5 16. Ne3 exd4 17. cxd4 Rb8 18. d5 c5 19. Be2 Bd7 20. Kd2 b6 21. Rhe1 f5 22. f4 Rf6 23. g4 fxg4 24. Bxg4 Bxg4 25. Nxg4 Rxf4 26. Rg1 Rbf8 27. Ke3 Ne8 28. Ne5 Nd6 29. Rg2 R4f5 30. Ng4 Rf3+ 31. Ke2 Rxa3 32. Rbg1 Ra2+ 0-1

[Event "Morbihan-ch 0102"]
[Site "Morbihan"]
[Date "2002.03.02"]
[Round "5"]
[White "Le Clanche, Marcel"]
[Black "Loizil, Joel"]
[Result "1-0"]
[WhiteElo "1630"]
[BlackElo "1840"]
[PlyCount "99"]
[EventDate "2001.10.20"]
[EventType "swiss"]
[EventRounds "7"]
[EventCountry "FRA"]
[SourceTitle "EXT 2005"]
[Source "ChessBase"]
[SourceDate "2004.11.15"]
[SourceVersion "1"]
[SourceVersionDate "2004.11.15"]
[SourceQuality "1"]

1. d4 d5 2. c4 e6 3. Nc3 Nf6 4. Nf3 Be7 5. Bg5 Nbd7 6. e3 0-0 7. c5 c6 8. Bd3 Ne8 9. Bxe7 Qxe7 10. 0-0 e5 11. Nxe5 Nxe5 12. dxe5 Qxe5 13. Re1 Nf6 14. Qc2 Rd8 15. Ne2 Bg4 16. Nd4 h6 17. b4 a6 18. h3 Be6 19. f4 Qc7 20. Nf3 d4 21. f5 Bd7 22. exd4 Nd5 23. a3 Qg3 24. Qf2 Qxf2+ 25. Kxf2 Kf8 26. Ne5 Be8 27. Bf1 f6 28. Nc4 Bf7 29. Nd6 Rd7 30. g4 b5 31. Bg2 Bg8 32. Kg3 Re7 33. Bxd5 Bxd5 34. Kf4 Rea7 35. Re3 Re7 36. Rae1 Raa7 37. h4 Rxe3 38. Rxe3 Re7 39. Rxe7 Kxe7 40. g5 hxg5+ 41. hxg5 Kd7 42. gxf6 gxf6 43. Kg4 Ke7 44. Kh5 Bf3+ 45. Kg6 Bd5 46. Nc8+ Kd8 47. Nb6 Bb3 48. Kxf6 Ke8 49. Kg7 Ba2 50. Nc8 1-0

[Event "FRA-chT3 01"]
[Site "France"]
[Date "2001.03.31"]
[Round "8"]
[White "Demanghon, Jonathan"]
[Black "Le Clanche, Marcel"]
[Result "1-0"]
[WhiteElo "2128"]
[BlackElo "1840"]
[PlyCount "29"]
[EventDate "2001.??.??"]
[EventType "team-tourn"]
[EventRounds "9"]
[EventCountry "FRA"]
[SourceTitle "EXT 2002"]
[Source "ChessBase"]
[SourceDate "2001.11.25"]
[SourceVersion "1"]
[SourceVersionDate "2001.11.25"]
[SourceQuality "1"]
[WhiteTeam "Rennes"]
[BlackTeam "Auray"]
[WhiteTeamCountry "FRA"]
[BlackTeamCountry "FRA"]

1. d4 c5 2. d5 e5 3. e4 d6 4. Nf3 Bg4 5. Be2 g6 6. Nfd2 Bxe2 7. Qxe2 h5 8. Nc3 Na6 9. 0-0 Bh6 10. Nc4 Nc7 11. f4 exf4 12. e5 Qe7 13. Nxd6+ Kf8 14. Bxf4 Rd8 15. Nxf7 1-0

[Event "FRA-chT3 01"]
[Site "France"]
[Date "2001.03.11"]
[Round "7"]
[White "Le Clanche, Marcel"]
[Black "Stephan, Jean Marie"]
[Result "1/2-1/2"]
[WhiteElo "1840"]
[BlackElo "2040"]
[PlyCount "87"]
[EventDate "2001.??.??"]
[EventType "team-tourn"]
[EventRounds "9"]
[EventCountry "FRA"]
[SourceTitle "EXT 2002"]
[Source "ChessBase"]
[SourceDate "2001.11.25"]
[SourceVersion "1"]
[SourceVersionDate "2001.11.25"]
[SourceQuality "1"]
[WhiteTeam "Auray"]
[BlackTeam "Sautron"]
[WhiteTeamCountry "FRA"]
[BlackTeamCountry "FRA"]

1. d4 Nf6 2. Nf3 g6 3. Bf4 Bg7 4. Nbd2 d5 5. e3 0-0 6. Bd3 b6 7. 0-0 c5 8. c3 Bb7 9. h3 Nbd7 10. Re1 Re8 11. Rc1 e6 12. Bb1 Rc8 13. g4 h5 14. Nh2 hxg4 15. hxg4 e5 16. Bg3 e4 17. f4 exf3 18. Ndxf3 Ne4 19. Bf4 Nf8 20. Bxe4 Rxe4 21. Ng5 Re8 22. Qf3 f6 23. Nh3 Qe7 24. Nf2 cxd4 25. exd4 Qxe1+ 26. Rxe1 Rxe1+ 27. Nf1 Ree8 28. Nd3 Ba8 29. g5 f5 30. Qg3 Nd7 31. Nd2 Re6 32. Nf3 Rce8 33. Be5 Bxe5 34. Ndxe5 Nxe5 35. Nxe5 Bb7 36. Qh2 R8e7 37. Qf4 Ba6 38. Kf2 Bc4 39. a3 a5 40. Kg1 a4 41. Kf2 b5 42. Kg1 Rb6 43. Kf2 Rh7 44. Kg1 1/2-1/2

[Event "FRA-chT3 01"]
[Site "France"]
[Date "2001.01.14"]
[Round "5"]
[White "Desbois, Antoine"]
[Black "Le Clanche, Marcel"]
[Result "1-0"]
[WhiteElo "1960"]
[BlackElo "1880"]
[PlyCount "81"]
[EventDate "2001.??.??"]
[EventType "team-tourn"]
[EventRounds "9"]
[EventCountry "FRA"]
[SourceTitle "EXT 2002"]
[Source "ChessBase"]
[SourceDate "2001.11.25"]
[SourceVersion "1"]
[SourceVersionDate "2001.11.25"]
[SourceQuality "1"]
[WhiteTeam "Brest"]
[BlackTeam "Auray"]
[WhiteTeamCountry "FRA"]
[BlackTeamCountry "FRA"]

1. e4 c5 2. Nf3 d6 3. d4 cxd4 4. Qxd4 Nc6 5. Bb5 Bd7 6. Bxc6 Bxc6 7. Nc3 e5 8. Qd3 Be7 9. 0-0 Nf6 10. Bg5 Qd7 11. Rad1 Rd8 12. Rfe1 0-0 13. Qd2 Qg4 14. Bxf6 Bxf6 15. Nd5 Qe6 16. h3 Rd7 17. Nh2 Bd8 18. Ng4 f5 19. exf5 Rxf5 20. Nge3 Bg5 21. f4 exf4 22. Nxf5 Qxf5 23. Qd3 Qf7 24. c4 a6 25. b3 b5 26. Rf1 bxc4 27. bxc4 Rd8 28. Qd4 Re8 29. Nxf4 Qb7 30. Nd5 Qd7 31. Qg4 Qxg4 32. hxg4 Re2 33. Rb1 h6 34. Rb8+ Kh7 35. Kh2 Rxa2 36. Rff8 Bxd5 37. cxd5 Kg6 38. Ra8 Bf4+ 39. Rxf4 Kg5 40. Rc4 a5 41. Ra6 1-0